| 000 | 00000nam##2200000za#4500 |
| 001 | 9.614763 |
| 003 | CaOODSP |
| 005 | 20211126112847 |
| 007 | ta |
| 008 | 150406|1999||||xxc||||| f|0| 0 eng|d |
| 020 | |a0-662-27629-9 |
| 022 | |a1192-5434 |
| 040 | |aCaOODSP|beng |
| 043 | |an-cn--- |
| 086 | 1 |aFB3-2/99-4E |
| 110 | 2 |aBank of Canada. |
| 245 | 13|aAn intraday analysis of the effectiveness of foreign exchange intervention / |cby Neil Beattie and Jean-François Fillion. |
| 260 | |aOttawa - Ontario : |bBank of Canada |c1999. |
| 490 | 1 |aWorking paper|x1192-5434|v99-4 |
| 500 | |a"This paper assesses the effectiveness of Canada's official foreign exchange intervention in moderating intraday volatility of the Can$/US$ exchange rate, using a 2-1/2-year sample of 10-minute exchange rate data."--Abstract. |
| 520 | 3 |aThis paper assesses the effectiveness of Canada's official foreign exchange intervention in moderating intraday volatility of the Can$/US$ exchange rate, using a 2-1/2-year sample of 10-minute exchange rate data.--Abstract |
| 563 | |aSoftcover |
| 590 | |a99-13|b1999-04-01 |
| 690 | 07|aExchange rates|2gcpds |
| 690 | 07|aMonetary policy|2gcpds |
| 720 | 1 |aFillion, Jean-François |
| 720 | 1 |aBeattie, Neil |
| 776 | 0#|tAn intraday analysis of the effectiveness of foreign exchange intervention / |w(CaOODSP)9.571706 |
| 830 | #0|aWorking paper,|x1192-5434|v99-4|w(CaOODSP)9.514622 |